Trần Văn Bổn cây bút giỏi về văn hóa Khmer /
Shranjeno v:
| Glavni avtor: | |
|---|---|
| Format: | Bài viết |
| Jezik: | Vietnamese |
| Teme: | |
| Oznake: |
Označite
Brez oznak, prvi označite!
|
| Thư viện lưu trữ: | Thư viện Trường Đại học Đà Lạt |
|---|
| LEADER | 00744nam a2200265 4500 | ||
|---|---|---|---|
| 001 | DLU160176352 | ||
| 005 | ##20160811 | ||
| 040 | # | # | |a DLU |b vie |
| 041 | # | # | |a vie |
| 044 | # | # | |a vn |
| 100 | # | # | |a Thu Hồng. |
| 245 | # | # | |a Trần Văn Bổn cây bút giỏi về văn hóa Khmer / |c Thu Hồng. |
| 653 | # | # | |a Tâm linh |
| 653 | # | # | |a Trần Văn Bổn |
| 653 | # | # | |a Văn hóa Khmer |
| 773 | # | # | |t Tạp chí Văn hóa các dân tộc |g Số6(196), 2010, tr. 8-9 |
| 920 | # | # | |a Phòng Tạp chí -- Trung tâm Thông tin - Thư viện Trường Đại học Đà Lạt |
| 994 | # | # | |a DLU |
| 900 | # | # | |a True |
| 911 | # | # | |a Nguyễn Thị Mai Anh |
| 925 | # | # | |a G |
| 926 | # | # | |a A |
| 927 | # | # | |a BB |
| 980 | # | # | |a Thư viện Trường Đại học Đà Lạt |